| 000 | 01484nam0a2200301 i 4500 | ||
|---|---|---|---|
| 001 | RU\NLR\BIBL_A\010678763 | ||
| 005 | 20240921181119.0 | ||
| 010 |
_a9785438703877 _9500 |
||
| 021 |
_aRU _b2014-97414 _95915 |
||
| 035 | _a(NILC)RuMoRGB-007846051 | ||
| 035 | _a(NLR Aleph) 010678763 | ||
| 090 |
_a9637765 _c9637765 |
||
| 100 | _a20150224d2014 km y0rusy50 ca | ||
| 101 | 0 | _arus | |
| 102 | _aRU | ||
| 105 | _aa|||z||||01yy | ||
| 200 | 1 |
_aСферы сакрального и обыденного в традиционной хантыйской культуре _eмонография _fК. П. Черемисина _gМ-во образования и науки Российской Федерации, Федеральное гос. авт. образовательное учреждение высш. образования "Нац. исслед. Томский политехнический ун-т" |
|
| 210 |
_aТомск _cИзд-во Томского политехнического университета _d2014 |
||
| 215 |
_a127 с. _cцв. ил. _d21 |
||
| 320 | _aБиблиогр.: с. 100-117 (256 назв.) | ||
| 606 | 1 |
_aХанты _xТрадиционная культура _92535654 _3RU\NLR\AUTH\661501628 |
|
| 686 | 1 | _aТ52(251.1=Ха)-7 | |
| 700 | 1 |
_aЧеремисина _bК. П. _gКсения Петровна |
|
| 801 | 0 |
_aRU _bРГБ _c20150112 _gRCR |
|
| 942 | _cBOOK | ||
| 980 | _aNBR | ||